000 00626nam a2200217Ii 4500
003 JO-AjNU
008 230606s9999||||xx |||||||||||||| ||und||
020 _a978-1-29202-681-3
040 _aJO-AjNU
_beng
_erda
_cJO-AjNU
041 _aeng
050 1 4 _aT345.T43.2014
100 3 _aGiescke ,
_eauthor
_94255
245 0 0 _aTechnical Drawing with Engineering Graphics
250 _a14 ed
264 3 1 _aNew Jersy:pearson,2010
300 _a839p
336 _atext
_btxt
_2rdacontent
337 _aunmediated
_bn
_2rdamedia
338 _avolume
_bnc
_2rdacarrier
650 4 _aTechnicalDrawing withEngineering Graphics
_94256
999 _aE2213
_c2211
_d2211